| 000 | 00784nam a22002057a 4500 | ||
|---|---|---|---|
| 999 |
_c18074 _d18074 |
||
| 003 | AR-CdUCM | ||
| 008 | 190511b ||||| |||| 00| 0 spa d | ||
| 040 |
_aMUNICIPALIDAD PROVINCIAL DEL CUSCO _cBIBLIOTECA MUNICIPAL DEL CUSCO |
||
| 082 |
_a194 / _bI53 |
||
| 100 |
_aIngenieros, José _9579 |
||
| 245 |
_aEmilio Boutroux : _by la filosofía universitaria en Francia / |
||
| 260 |
_aBuenos Aires : _bAgencia general de librería y publicaciones, _c1923. |
||
| 300 |
_a166 páginas ; _c18 cm. |
||
| 505 | _aContenido: La caída de eclecticismo -- Medio filosófico en que se educa Boutroux -- El problema de la contingencia... | ||
| 650 |
_aFilosofía _9395 |
||
| 650 |
_aCiencias sociales _91096 |
||
| 650 |
_aOrden moral _938443 |
||
| 942 |
_2ddc _cLIBROS |
||
| 945 |
_adavv _d2019-05-11 |
||